Sand and Sandstone (Record no. 7963)
[ view plain ]
| 000 -LEADER | |
|---|---|
| fixed length control field | 00385 a2200145 4500 |
| 082 ## - DEWEY DECIMAL CLASSIFICATION NUMBER | |
| Classification number | 552.5 |
| 100 ## - MAIN ENTRY--PERSONAL NAME | |
| Personal name | Pettijohn, F.J. |
| 245 ## - TITLE STATEMENT | |
| Title | Sand and Sandstone |
| Statement of responsibility, etc. | F.J, Pettijohn |
| 250 ## - EDITION STATEMENT | |
| Edition statement | 2nd Edition. |
| 260 ## - PUBLICATION, DISTRIBUTION, ETC. | |
| Place of publication, distribution, etc. | Islamabad: |
| Name of publisher, distributor, etc. | National Book Foundation, |
| Date of publication, distribution, etc. | 1984. |
| 300 ## - PHYSICAL DESCRIPTION | |
| Extent | xviii, 553 p.: |
| Other physical details | ill.; |
| Dimensions | 29 cm. |
| 500 ## - GENERAL NOTE | |
| General note | Include Index |
| 650 ## - SUBJECT ADDED ENTRY--TOPICAL TERM | |
| Topical term or geographic name entry element | Sand Sandstone |
| 942 ## - ADDED ENTRY ELEMENTS (KOHA) | |
| Koha item type | Book |
| Call number prefix | 552.5 PET |
| Withdrawn status | Lost status | Damaged status | Not for loan | Collection code | Permanent Location | Current Location | Shelving location | Date acquired | Source of acquisition | Cost, normal purchase price | Total Checkouts | Full call number | Barcode | Date last seen | Price effective from | Koha item type | Source of classification or shelving scheme |
|---|---|---|---|---|---|---|---|---|---|---|---|---|---|---|---|---|---|
| Central Library (CL) | Central Library (CL) | General Stacks | 08/25/2008 | Donation | 0.00 | 552.5 PET | SEECS009255 | 11/14/2012 | 01/05/2017 | Book | |||||||
| Central Library (CL) | Central Library (CL) | 01/16/2019 | 552.5 POT | ASAB437 | 01/16/2019 | 01/16/2019 | Book |
